[Event "Chinese League Div-A Final-KO 2023"]
[Site "Xiongan"]
[Date "2023.12.02"]
[Round "1.19"]
[White "Guo, Qi"]
[Black "Song, Yuxin"]
[Result "1/2-1/2"]
[WhiteElo "2372"]
[BlackElo "2397"]
[Annotator "ChessBase"]
[PlyCount "68"]
[EventDate "2023.12.02"]
[EventCountry "CHN"]
[SourceTitle "playchess.com"]
[Source "ChessBase"]
[SourceQuality "1"]

1. d4 Nf6 2. Nf3 d5 3. c4 e6 4. Nc3 c5 5. cxd5 cxd4 6. Qxd4 exd5 7. e4 dxe4 8. Qxd8+ Kxd8 9. Ng5 Be6 10. Nxe6+ fxe6 11. Bc4 Ke7 12. Bg5 Nc6 13. Nxe4 Kf7 14. Bxf6 gxf6 15. O-O-O Rd8 16. Rxd8 Nxd8 17. f4 f5 18. Rd1 Be7 19. Ng5+ Bxg5 20. fxg5 Ke7 21. Bb5 Nc6 22. Bxc6 bxc6 23. Rd4 Rg8 24. h4 h6 25. gxh6 Rh8 26. g4 fxg4 27. Rxg4 Rxh6 28. Rg7+ Kd6 29. Rxa7 Rxh4 30. Ra8 Rh1+ 31. Kc2 Rh2+ 32. Kc3 Rh3+ 33. Kc2 Rh2+ 34. Kc3 Rh3+ 1/2-1/2

[Event "Chinese League Div-A Final-KO 2023"]
[Site "Xiongan"]
[Date "2023.12.02"]
[Round "1.20"]
[White "Li, Xueyi"]
[Black "Shen, Yang"]
[Result "1/2-1/2"]
[WhiteElo "2245"]
[BlackElo "2397"]
[Annotator "ChessBase"]
[PlyCount "73"]
[EventDate "2023.12.02"]
[EventCountry "CHN"]
[SourceTitle "playchess.com"]
[Source "ChessBase"]
[SourceQuality "1"]

1. d4 d5 2. c4 e6 3. Nf3 Nf6 4. g3 dxc4 5. Bg2 c5 6. O-O Nc6 7. dxc5 Qxd1 8. Rxd1 Bxc5 9. Nbd2 c3 10. bxc3 O-O 11. Nb3 Be7 12. Nfd4 Nxd4 13. cxd4 Nd5 14. Bd2 f5 15. Na5 Bf6 16. e3 b6 17. Nc6 Bb7 18. Nb4 Rfd8 19. a4 Rd7 20. a5 Nxb4 21. Bxb4 Rc8 22. axb6 Bxg2 23. Kxg2 axb6 24. Rac1 Rxc1 25. Rxc1 Kf7 26. Kf3 e5 27. dxe5 Bxe5 28. Rc6 Bc7 29. h3 Ke8 30. g4 Rf7 31. Ke2 Kd7 32. Rc1 f4 33. Rd1+ Kc6 34. Rc1+ Kd7 35. Rd1+ Kc6 36. Rc1+ Kd7 37. Rd1+ 1/2-1/2

[Event "Chinese League Div-A Final-KO 2023"]
[Site "Xiongan"]
[Date "2023.12.02"]
[Round "1.21"]
[White "Xu, Xiangyu"]
[Black "Li, Chao b"]
[Result "1/2-1/2"]
[WhiteElo "2623"]
[BlackElo "2652"]
[Annotator "ChessBase"]
[PlyCount "68"]
[EventDate "2023.12.02"]
[EventCountry "CHN"]
[SourceTitle "playchess.com"]
[Source "ChessBase"]
[SourceQuality "1"]

1. d4 d5 2. Nf3 Nf6 3. c4 c6 4. g3 g6 5. Qa4 Nbd7 6. cxd5 Nb6 7. Qb3 Qxd5 8. Qd1 Bf5 9. Nc3 Qa5 10. Bd2 Nc4 11. Qb3 Nxd2 12. Nxd2 Bh6 13. e3 O-O 14. Bg2 Qa6 15. Qa4 Qxa4 16. Nxa4 e5 17. Nf3 Be4 18. dxe5 Nd7 19. O-O Bxf3 20. Bxf3 Nxe5 21. Be2 Rfd8 22. Rfd1 Bf8 23. Kg2 Nd7 24. Rac1 h5 25. h3 Kg7 26. g4 hxg4 27. hxg4 Nb6 28. Nxb6 axb6 29. Rxd8 Rxd8 30. Rd1 Rxd1 31. Bxd1 Kf6 32. f4 g5 33. Kf3 b5 34. Bc2 gxf4 1/2-1/2

[Event "Chinese League Div-A Final-KO 2023"]
[Site "Xiongan"]
[Date "2023.12.02"]
[Round "1.22"]
[White "Xiu, Deshun"]
[Black "Zhao, Yuanhe"]
[Result "1/2-1/2"]
[WhiteElo "2510"]
[BlackElo "2462"]
[Annotator "ChessBase"]
[PlyCount "95"]
[EventDate "2023.12.02"]
[EventCountry "CHN"]
[SourceTitle "playchess.com"]
[Source "ChessBase"]
[SourceQuality "1"]

1. Nf3 Nf6 2. c4 g6 3. Nc3 Bg7 4. e4 c5 5. d4 cxd4 6. Nxd4 Nc6 7. Be3 O-O 8. Be2 d6 9. O-O Bd7 10. Re1 Nxd4 11. Bxd4 Bc6 12. Bd3 a5 13. Qd2 Nd7 14. Bxg7 Kxg7 15. Re3 h6 16. Rh3 Rh8 17. Re1 a4 18. Bb1 Qa5 19. Kh1 Nf6 20. f4 Qc5 21. Nd5 Bxd5 22. cxd5 Qa5 23. Qxa5 Rxa5 24. Rc3 Rb5 25. Re2 Nd7 26. Rc7 Nc5 27. e5 dxe5 28. fxe5 Rd8 29. d6 exd6 30. e6 Rf8 31. a3 Rb6 32. h4 Rc6 33. Re7 d5 34. Ba2 Nxe6 35. Bxd5 Rc1+ 36. Kh2 Nf4 37. Rd2 b5 38. Bf3 Rc5 39. Rdd7 Kf6 40. Rb7 Ne6 41. Red7 h5 42. Rb6 Rfc8 43. Kg3 Re5 44. Rbb7 Nd8 45. Rb6+ Ne6 46. Rbb7 Nd8 47. Rb6+ Ne6 48. Rbb7 1/2-1/2

[Event "Chinese League Div-A Final-KO 2023"]
[Site "Xiongan"]
[Date "2023.12.02"]
[Round "1.23"]
[White "Jiang, Qinyu"]
[Black "Peng, Hongchi"]
[Result "1/2-1/2"]
[WhiteElo "2247"]
[BlackElo "2396"]
[Annotator "ChessBase"]
[PlyCount "64"]
[EventDate "2023.12.02"]
[EventCountry "CHN"]
[SourceTitle "playchess.com"]
[Source "ChessBase"]
[SourceQuality "1"]

1. e4 e6 2. d4 d5 3. Nd2 c5 4. Ngf3 cxd4 5. exd5 Qd7 6. d6 Qxd6 7. Bc4 Qd7 8. O-O Nc6 9. Nb3 Nf6 10. Nbxd4 Nxd4 11. Nxd4 a6 12. Bg5 Bc5 13. c3 Bxd4 14. cxd4 b5 15. Bxf6 gxf6 16. Bb3 Bb7 17. Qh5 Rd8 18. Bxe6 Qxe6 19. Rfe1 Be4 20. Rad1 O-O 21. Qh4 f5 22. f3 Rfe8 23. fxe4 fxe4 24. Re3 f5 25. Rh3 Rd7 26. Qf4 Rg7 27. b3 e3 28. Re1 e2 29. Rg3 Qf6 30. Rxg7+ Kxg7 31. Qd2 Qe7 32. g3 Qe3+ 1/2-1/2

[Event "Chinese League Div-A Final-KO 2023"]
[Site "Xiongan"]
[Date "2023.12.02"]
[Round "1.24"]
[White "Wang, Yu A."]
[Black "Chu, Ruotong"]
[Result "1/2-1/2"]
[WhiteElo "2222"]
[BlackElo "2114"]
[Annotator "ChessBase"]
[PlyCount "79"]
[EventDate "2023.12.02"]
[EventCountry "CHN"]
[SourceTitle "playchess.com"]
[Source "ChessBase"]
[SourceQuality "1"]

1. e4 e5 2. Nf3 Nf6 3. Nxe5 d6 4. Nf3 Nxe4 5. Nc3 Nxc3 6. dxc3 Be7 7. Be3 Nc6 8. Bd3 Be6 9. Qe2 Qd7 10. h4 h6 11. O-O-O Bf6 12. Kb1 O-O-O 13. Bb5 Kb8 14. Nd4 Nxd4 15. Bxd4 Qe7 16. g3 a6 17. Bc4 Bxc4 18. Qxc4 Bxd4 19. Qxd4 Qe5 20. Rhe1 Qxd4 21. Rxd4 Rhe8 22. Rde4 Rxe4 23. Rxe4 Kc8 24. Rg4 g6 25. Rf4 Rd7 26. h5 Kd8 27. hxg6 fxg6 28. Rf8+ Ke7 29. Rh8 h5 30. Kc1 Kf6 31. Kd2 a5 32. c4 b6 33. Ke3 d5 34. cxd5 Rxd5 35. Rh7 Re5+ 36. Kd3 Rd5+ 37. Ke3 Re5+ 38. Kd3 Rd5+ 39. Ke3 Re5+ 40. Kd3 1/2-1/2

[Event "Chinese League Div-A Final-KO 2023"]
[Site "Xiongan"]
[Date "2023.12.02"]
[Round "1.25"]
[White "Ren, Xiaoyi"]
[Black "Li, Ruofan"]
[Result "0-1"]
[WhiteElo "2083"]
[BlackElo "2317"]
[Annotator "ChessBase"]
[PlyCount "80"]
[EventDate "2023.12.02"]
[EventCountry "CHN"]
[SourceTitle "playchess.com"]
[Source "ChessBase"]
[SourceQuality "1"]

1. d4 Nf6 2. c4 e6 3. Nf3 d5 4. Nc3 Be7 5. Bg5 h6 6. Bxf6 Bxf6 7. Qc2 dxc4 8. Rd1 c5 9. e3 cxd4 10. Nxd4 Bd7 11. Bxc4 O-O 12. O-O Qc7 13. Ne4 Be7 14. Nf5 Bc6 15. Nxe7+ Qxe7 16. Rd2 Bxe4 17. Qxe4 Nc6 18. a3 Rfd8 19. Rc2 Rac8 20. b4 g6 21. f4 Qf6 22. Rfc1 Rc7 23. Bb5 Rd5 24. Bxc6 Rxc6 25. Rxc6 bxc6 26. h3 h5 27. Kh2 h4 28. Rxc6 Qa1 29. Rc8+ Kg7 30. Qc2 Qf1 31. Qb2+ e5 32. Rc1 Qd3 33. fxe5 Qxe3 34. e6+ f6 35. Rc7+ Kh6 36. Qc1 Rd2 37. Rc3 Qe2 38. Qg1 Qe5+ 39. Kh1 Qxc3 40. e7 Re2 0-1

[Event "Chinese League Div-A Final-KO 2023"]
[Site "Xiongan"]
[Date "2023.12.02"]
[Round "1.26"]
[White "Lu, Shanglei"]
[Black "Xiang, Zeyu"]
[Result "1-0"]
[WhiteElo "2607"]
[BlackElo "2410"]
[Annotator "ChessBase"]
[PlyCount "65"]
[EventDate "2023.12.02"]
[EventCountry "CHN"]
[SourceTitle "playchess.com"]
[Source "ChessBase"]
[SourceQuality "1"]

1. e4 e5 2. Nf3 Nc6 3. Bc4 Bc5 4. O-O Nf6 5. d3 d6 6. c3 O-O 7. Re1 a5 8. Bg5 h6 9. Bh4 g5 10. Bg3 Ba7 11. Na3 Kg7 12. Bb3 Nh7 13. Nb5 Bb6 14. Nd2 a4 15. Bc2 Be6 16. Nf1 Ne7 17. d4 Qd7 18. Na3 exd4 19. cxd4 f5 20. f3 fxe4 21. Bxe4 Nf5 22. Bf2 d5 23. Bc2 Nf6 24. Qd3 Nh5 25. g3 Bg8 26. Re5 Nh4 27. Nd2 Ba5 28. Nab1 Nxf3+ 29. Nxf3 Qf7 30. Re2 Nf6 31. Ne5 Qh5 32. Qg6+ Qxg6 33. Bxg6 1-0

[Event "Chinese League Div-A Final-KO 2023"]
[Site "Xiongan"]
[Date "2023.12.02"]
[Round "1.27"]
[White "Kong, Xiangrui"]
[Black "Xu, Minghui"]
[Result "1-0"]
[WhiteElo "2381"]
[BlackElo "2389"]
[Annotator "ChessBase"]
[PlyCount "115"]
[EventDate "2023.12.02"]
[EventCountry "CHN"]
[SourceTitle "playchess.com"]
[Source "ChessBase"]
[SourceQuality "1"]

1. e4 c6 2. d4 d5 3. e5 Bf5 4. h4 h5 5. c4 e6 6. Nc3 Be7 7. cxd5 cxd5 8. Bd3 Bxd3 9. Qxd3 Nh6 10. Bxh6 Rxh6 11. Nf3 Nc6 12. g3 Qd7 13. Rc1 O-O-O 14. O-O Kb8 15. Qe3 Rhh8 16. Ne2 Rc8 17. Nf4 Bd8 18. Nd3 Bb6 19. b4 Ne7 20. Nc5 Bxc5 21. bxc5 Nf5 22. Qa3 Rc6 23. Rb1 Ka8 24. Rb3 Ra6 25. Qb2 Rc8 26. Rb1 Rc7 27. Ne1 Ra4 28. Nc2 g6 29. Ra3 Rxa3 30. Nxa3 a6 31. Nc2 Ne7 32. Qa3 Nc6 33. Rb6 Qc8 34. Nb4 Nxb4 35. Qxb4 Rc6 36. Rxc6 Qxc6 37. Qb6 Qxb6 38. cxb6 Kb8 39. Kg2 Kc8 40. Kf3 Kd7 41. Kf4 Kc6 42. Kg5 Kb5 43. Kf6 Kc4 44. Kxf7 Kxd4 45. Kxe6 Kc5 46. Kf7 d4 47. e6 d3 48. e7 d2 49. e8=Q d1=Q 50. Qe3+ Kc6 51. Qe6+ Kc5 52. Kxg6 a5 53. g4 hxg4 54. h5 Qd4 55. h6 a4 56. h7 Kb4 57. a3+ Ka5 58. Qf6 1-0

[Event "Chinese League Div-A Final-KO 2023"]
[Site "Xiongan"]
[Date "2023.12.02"]
[Round "1.28"]
[White "Chen, Yuan"]
[Black "Xie, Kaifan"]
[Result "1-0"]
[WhiteElo "2039"]
[BlackElo "2382"]
[Annotator "ChessBase"]
[PlyCount "123"]
[EventDate "2023.12.02"]
[EventCountry "CHN"]
[SourceTitle "playchess.com"]
[Source "ChessBase"]
[SourceQuality "1"]

1. d4 Nf6 2. c4 e6 3. Bf4 d5 4. cxd5 exd5 5. e3 Bd6 6. Bxd6 Qxd6 7. Bd3 Bg4 8. Ne2 Nbd7 9. Nbc3 O-O 10. Qd2 Rfe8 11. O-O Bh5 12. Ng3 Bg6 13. Nb5 Qb6 14. Nc3 Bxd3 15. Qxd3 c6 16. a3 Qb3 17. Rfd1 g6 18. Nf1 Ne4 19. Nxe4 Qxd3 20. Rxd3 Rxe4 21. Nd2 Re7 22. Rb3 Nb6 23. a4 Nc8 24. Rc1 Nd6 25. Rbc3 Kg7 26. Rc5 g5 27. b4 a6 28. Nb1 Re6 29. R5c2 f5 30. Nd2 Rf8 31. Nf3 h6 32. Ne5 f4 33. Re2 Rfe8 34. g3 fxe3 35. fxe3 Rxe5 36. dxe5 Rxe5 37. Rb1 Re4 38. Kg2 Kg6 39. Rb3 g4 40. Rf2 Nf5 41. Rf4 Nxe3+ 42. Kf2 Rxf4+ 43. gxf4 Nc4 44. Rb1 Kf5 45. Re1 Kxf4 46. Re7 Nd6 47. Ke2 h5 48. Rd7 Ke5 49. Rh7 Kd4 50. Rxh5 Kc3 51. Rg5 d4 52. Rxg4 d3+ 53. Kd1 a5 54. bxa5 c5 55. h4 c4 56. Rf4 Kb2 57. Kd2 Kb3 58. h5 c3+ 59. Kxd3 c2 60. Rf1 Nf7 61. Kd2 Ng5 62. Kc1 1-0

[Event "Chinese League Div-A Final-KO 2023"]
[Site "Xiongan"]
[Date "2023.12.02"]
[Round "1.29"]
[White "Lu, Miaoyi"]
[Black "Ding, Yixin"]
[Result "1/2-1/2"]
[WhiteElo "2281"]
[BlackElo "2402"]
[Annotator "ChessBase"]
[PlyCount "84"]
[EventDate "2023.12.02"]
[EventCountry "CHN"]
[SourceTitle "playchess.com"]
[Source "ChessBase"]
[SourceQuality "1"]

1. e4 e6 2. d4 d5 3. Nc3 dxe4 4. Nxe4 Nd7 5. Nf3 Ngf6 6. Bg5 h6 7. Bxf6 Nxf6 8. Bd3 Nxe4 9. Bxe4 c5 10. Qe2 Qa5+ 11. c3 cxd4 12. Nxd4 Qb6 13. Qb5+ Qxb5 14. Nxb5 Ke7 15. O-O-O f5 16. Bxf5 exf5 17. Nc7 Rb8 18. Rhe1+ Kf7 19. Rd8 b5 20. Ree8 b4 21. c4 b3 22. a3 g5 23. c5 g4 24. Kd1 h5 25. Na6 Bxa6 26. Rxb8 h4 27. c6 g3 28. fxg3 hxg3 29. h3 f4 30. Re4 Rh4 31. Rxb3 Bd6 32. Rxg3 Rh8 33. Rc3 Bf1 34. Rd4 Be5 35. Rd7+ Ke6 36. Rc2 Rg8 37. Rdd2 f3 38. c7 Bxc7 39. Rc6+ Ke5 40. gxf3 Bb6 41. h4 Rh8 42. Ke1 Ba6 1/2-1/2

[Event "Chinese League Div-A Final-KO 2023"]
[Site "Xiongan"]
[Date "2023.12.02"]
[Round "1.30"]
[White "Bai, Xue"]
[Black "Zhao, Shengxin"]
[Result "1/2-1/2"]
[WhiteElo "2075"]
[BlackElo "2124"]
[Annotator "NA"]
[PlyCount "60"]
[EventDate "2023.12.02"]
[EventCountry "CHN"]
[SourceTitle "playchess.com"]
[Source "ChessBase"]
[SourceQuality "1"]

1. e4 c5 2. Nf3 d6 3. d4 cxd4 4. Nxd4 Nf6 5. Nc3 a6 6. Rg1 e5 7. Nb3 Be6 8. g4 d5 9. exd5 Nxd5 10. Nxd5 Qxd5 11. Qxd5 Bxd5 12. Be3 Nc6 13. O-O-O O-O-O 14. Bb6 Rd6 15. Rg3 Be7 16. g5 Be6 17. Bg2 Rxd1+ 18. Kxd1 Bd8 19. Be3 Be7 20. Nc5 Rd8+ 21. Kc1 Bd5 22. Bxd5 Rxd5 23. Na4 Rd8 24. Rh3 Rh8 25. Rf3 Rf8 26. Rh3 Rh8 27. Rf3 Rf8 28. Rh3 Rh8 29. Rf3 Rf8 30. Rh3 Rh8 1/2-1/2

[Event "Chinese League Div-A Final-KO 2023"]
[Site "Xiongan"]
[Date "2023.12.03"]
[Round "2.1"]
[White "Liu, Qingnan"]
[Black "Wen, Yang"]
[Result "1/2-1/2"]
[WhiteElo "2545"]
[BlackElo "2574"]
[Annotator "TA"]
[PlyCount "60"]
[EventDate "2023.12.02"]
[EventCountry "CHN"]
[SourceTitle "playchess.com"]
[Source "ChessBase"]
[SourceQuality "1"]

{[%evp 18,60,16,11,11,14,14,20,16,23,15,5,5,5,8,9,11,0,0,0,0,0,0,0,10,0,0,0,0,0,0,0,0,0,0,0,0,0,0,0,0,0,0,0,0]} 1. e4 e5 2. Nf3 Nc6 3. Bb5 Nf6 4. O-O {[%cal Bh1f1,Bf1e1,Be1e5][%mdl 32]} Nxe4 5. Re1 Nd6 6. Nxe5 Be7 7. Bf1 Nxe5 8. Rxe5 O-O 9. d4 Bf6 10. Re1 Re8 {The main line 10...Re8 scores better than 10...Nf5. C67: Ruy Lopez: Berlin Defence: 4 0-0 Nxe4.} 11. Bf4 Rxe1 12. Qxe1 Ne8 {[%cal Bd6e8,Be8g7,Bg7f5][%mdl 32]} 13. c3 d5 14. Bd3 {The position is equal.} g6 15. Nd2 Ng7 16. Nf3 c6 {Black is weak on the dark squares} 17. Qe2 Bf5 18. Bxf5 Nxf5 19. Re1 Ng7 20. Be5 Ne6 21. Bxf6 Qxf6 22. Ne5 Re8 23. Ng4 Qd8 24. Qe5 {Nf6+ would be deadly.} Ng7 25. Qxe8+ {[%mdl 64] [#] Decoy} ({Not} 25. Nh6+ $2 Kf8 26. Nxf7 Rxe5 $19) 25... Nxe8 26. Rxe8+ {[%mdl 64] Remove Defender} Qxe8 {[%cal Re8e1]} 27. Nf6+ Kf8 {[%cal Re8e1]} 28. Nxe8 Kxe8 29. f4 f5 30. Kf2 {[#]} b5 $146 {A rather calm draw.   Weighted Error Value: White=0.02 (flawless) /Black=0.01 (flawless)} ({Predecessor:} 30... Kf7) 1/2-1/2

[Event "Chinese League Div-A Final-KO 2023"]
[Site "Xiongan"]
[Date "2023.12.03"]
[Round "2.2"]
[White "Bai, Jinshi"]
[Black "Huang, Renjie"]
[Result "1/2-1/2"]
[WhiteElo "2585"]
[BlackElo "2488"]
[Annotator "TA"]
[PlyCount "75"]
[EventDate "2023.12.02"]
[EventCountry "CHN"]
[SourceTitle "playchess.com"]
[Source "ChessBase"]
[SourceQuality "1"]

{[%evp 16,75,10,0,0,0,0,0,0,-14,0,0,0,-12,-10,-14,-21,-13,-16,-21,-21,-22,-16,-37,-14,-14,-14,-16,-18,-16,-17,-32,-6,-6,-2,-2,-2,-2,-2,-2,-2,-2,0,0,0,-1,0,0,0,0,0,-1,-1,-2,-2,-2,0,-2,0,-2,0,-2]} 1. Nf3 d5 2. g3 g6 3. Bg2 Bg7 4. d4 Nf6 5. O-O O-O 6. Nbd2 a5 {[%cal Ba7a5,Ba5a4][%mdl 32]} 7. c4 c6 8. b3 a4 9. Bb2 Bf5 {D78: Fianchetto Grünfeld: 6 0-0 c6.} 10. Ne5 Nbd7 11. Nxd7 Qxd7 12. bxa4 b6 13. Qb3 Qa7 14. cxd5 cxd5 15. Nb1 Qxa4 16. Nc3 Qxb3 17. axb3 e6 18. Rfc1 {[#]} Rxa1 $146 ({Predecessor:} 18... Nd7 19. e3 Bd3 20. Bf1 Bxf1 21. Kxf1 Rfc8 22. Rxa8 Rxa8 23. Na4 b5 24. Nc3 Bf8 {½-½ Astaneh Lopez,A (2411)-O'Donnell,C (2336) IRL-ch Dublin 2018 (5)}) 19. Bxa1 Rc8 20. Bb2 Ne4 21. Nxe4 Rxc1+ 22. Bxc1 {[#] Threatens to win with Nd6.} Bxe4 23. e3 Bxg2 24. Kxg2 $15 {[%mdl 4096] Endgame KB-KB. The position is equal.} Kf8 25. Ba3+ Ke8 26. Kf3 Kd7 27. Ke2 Kc6 28. Kd3 f5 29. h3 Bf6 30. f3 Bg7 31. g4 Bf6 32. Bf8 h5 33. Ba3 hxg4 34. hxg4 Kb5 35. Bd6 Kc6 36. Ba3 Kb5 37. Bd6 Kc6 38. Ba3 {A rather calm draw.   Weighted Error Value: White=0.02 (flawless) /Black=0.03 (flawless)} 1/2-1/2

[Event "Chinese League Div-A Final-KO 2023"]
[Site "Xiongan"]
[Date "2023.12.03"]
[Round "2.3"]
[White "Xiao, Tong(Qd)"]
[Black "Ma, Qun"]
[Result "1/2-1/2"]
[WhiteElo "2480"]
[BlackElo "2653"]
[Annotator "ChessBase"]
[PlyCount "122"]
[EventDate "2023.12.02"]
[EventCountry "CHN"]
[SourceTitle "playchess.com"]
[Source "ChessBase"]
[SourceQuality "1"]

1. e4 c5 2. Nf3 e6 3. d4 cxd4 4. Nxd4 a6 5. Nc3 b5 6. Bd3 Bb7 7. O-O Nc6 8. Nxc6 Bxc6 9. Re1 Ne7 10. Be3 b4 11. Ne2 Ng6 12. f4 Qc7 13. Qd2 Be7 14. Nd4 Bb7 15. Rac1 Qb8 16. Qf2 O-O 17. g3 Bc5 18. Nf3 Bxe3 19. Qxe3 Rc8 20. h4 h6 21. Rcd1 Qc7 22. h5 Ne7 23. g4 a5 24. Kf2 Qc5 25. Rg1 f6 26. Rd2 Rc7 27. Rgd1 Kf8 28. Nd4 e5 29. Nb5 exf4 30. Qxc5 Rxc5 31. Nd6 Bc6 32. Kf3 Nc8 33. Nf5 Nb6 34. Kxf4 Re8 35. Re2 Rce5 36. Rde1 Na4 37. Nh4 Nxb2 38. Ng6+ Kf7 39. Nxe5+ Rxe5 40. a3 bxa3 41. Ra1 Na4 42. Rxa3 Nc5 43. Bc4+ Ne6+ 44. Kf3 Ke7 45. Bxe6 Kxe6 46. Ree3 a4 47. Ke2 Rg5 48. Kf3 f5 49. gxf5+ Rxf5+ 50. Kg4 Rg5+ 51. Kh4 Rg2 52. Kh3 Rxc2 53. Rg3 Rb2 54. Rxg7 Rb3+ 55. Rxb3 axb3 56. Rg3 Ba4 57. Rg6+ Ke5 58. Rxh6 Bc6 59. Rh8 Kd4 60. h6 Bxe4 61. h7 Bf5+ 1/2-1/2

[Event "Chinese League Div-A Final-KO 2023"]
[Site "Xiongan"]
[Date "2023.12.03"]
[Round "2.4"]
[White "Zhao, Xue"]
[Black "Zhang, Xiao"]
[Result "1-0"]
[WhiteElo "2450"]
[BlackElo "2097"]
[Annotator "ChessBase"]
[PlyCount "87"]
[EventDate "2023.12.02"]
[EventCountry "CHN"]
[SourceTitle "playchess.com"]
[Source "ChessBase"]
[SourceQuality "1"]

1. c4 Nf6 2. Nf3 e6 3. Nc3 d5 4. e3 c5 5. cxd5 exd5 6. d4 a6 7. Be2 Nc6 8. O-O Be7 9. b3 O-O 10. Bb2 Bg4 11. Rc1 Bxf3 12. Bxf3 cxd4 13. exd4 Re8 14. Re1 Qd6 15. Na4 Bf8 16. Nc5 Rxe1+ 17. Qxe1 Re8 18. Qd1 Nd8 19. g3 g6 20. b4 Bg7 21. Qb3 h5 22. b5 axb5 23. Qxb5 Qc6 24. Qb3 Bh6 25. Rc2 h4 26. Nd3 Qd7 27. Ne5 Qf5 28. Be2 h3 29. Bd3 Qh5 30. Be2 Qf5 31. Bd3 Qh5 32. Rc8 Kg7 33. Rc7 Re6 34. Qc2 Ne8 35. Rd7 Nc6 36. Rxf7+ Kg8 37. Be2 Nxe5 38. dxe5 Qg5 39. Rxb7 Bg7 40. f4 Qd8 41. Bd4 Nd6 42. Rxg7+ Kxg7 43. exd6+ Kh6 44. Qc7 1-0

[Event "Chinese League Div-A Final-KO 2023"]
[Site "Xiongan"]
[Date "2023.12.03"]
[Round "2.5"]
[White "Hu, Yu A."]
[Black "Zhai, Mo"]
[Result "0-1"]
[WhiteElo "2162"]
[BlackElo "2339"]
[Annotator "RC"]
[PlyCount "54"]
[EventDate "2023.12.02"]
[EventCountry "CHN"]
[SourceTitle "playchess.com"]
[Source "ChessBase"]
[SourceQuality "1"]

1. e4 e5 2. Nf3 Nc6 3. Bb5 a6 4. Ba4 Bc5 5. O-O d6 6. c3 Ba7 7. h3 Nge7 8. d4 Bd7 9. Be3 Ng6 10. Nbd2 O-O 11. Re1 f6 12. dxe5 Bxe3 13. Rxe3 fxe5 14. Bb3+ Kh8 15. Nf1 Qf6 16. Ng3 Nf4 17. Bc4 Ne7 18. Ne2 b5 19. Nxf4 exf4 20. e5 dxe5 21. Rxe5 Rad8 22. Bb3 Bc6 23. Qe2 Bxf3 24. gxf3 Nf5 25. Re6 Qg5+ 26. Kh1 Qh5 27. Kh2 Nh4 0-1

[Event "Chinese League Div-A Final-KO 2023"]
[Site "Xiongan"]
[Date "2023.12.03"]
[Round "2.6"]
[White "Liu, Yan"]
[Black "Ni, Hua"]
[Result "1/2-1/2"]
[WhiteElo "2579"]
[BlackElo "2651"]
[Annotator "ChessBase"]
[PlyCount "146"]
[EventDate "2023.12.02"]
[EventCountry "CHN"]
[SourceTitle "playchess.com"]
[Source "ChessBase"]
[SourceQuality "1"]

1. Nf3 d5 2. d4 Nf6 3. c4 e6 4. g3 Bb4+ 5. Bd2 a5 6. Bg2 O-O 7. a3 Be7 8. Qc2 dxc4 9. Qxc4 b6 10. Qc2 Bb7 11. Nc3 c5 12. dxc5 Bxc5 13. O-O Nbd7 14. Ng5 Bxg2 15. Kxg2 Rc8 16. Rad1 Qc7 17. Nge4 Qc6 18. f3 Bd4 19. Nxf6+ Bxf6 20. Qb1 Qc4 21. Ne4 Qxe2+ 22. Rf2 Qa6 23. Bxa5 bxa5 24. Rxd7 Rfd8 25. Nxf6+ gxf6 26. Rxd8+ Rxd8 27. Qe4 Rd5 28. Qg4+ Kf8 29. Qf4 Kg7 30. Rd2 Rxd2+ 31. Qxd2 a4 32. Kf2 Qb6+ 33. Ke2 Qg1 34. Kd3 Qf1+ 35. Qe2 Qg1 36. f4 Qb6 37. Kc2 Qc6+ 38. Kb1 Qh1+ 39. Kc2 Qd5 40. Qd3 Qc6+ 41. Qc3 Qe4+ 42. Qd3 Qc6+ 43. Qc3 Qh1 44. Qd2 Qb7 45. Qd4 Qb3+ 46. Kc1 h5 47. Kb1 Qb5 48. Ka1 Qc6 49. Qd1 Qb5 50. Qd4 Kg6 51. Qe4+ Kh6 52. Qd4 Kg7 53. Qd1 e5 54. fxe5 fxe5 55. Qxh5 Qf1+ 56. Ka2 Qc4+ 57. Ka1 f6 58. Qf5 e4 59. Qd7+ Kh6 60. Qf5 Qd4 61. Qf4+ Kg7 62. Qg4+ Kf8 63. h4 Qe5 64. Qc8+ Kg7 65. Qd7+ Kh6 66. g4 e3 67. Qf7 Qd6 68. Ka2 e2 69. Qg8 Qe7 70. Qh8+ Kg6 71. Qg8+ Kh6 72. Qh8+ Kg6 73. Qg8+ Kh6 1/2-1/2

[Event "Chinese League Div-A Final-KO 2023"]
[Site "Xiongan"]
[Date "2023.12.03"]
[Round "2.7"]
[White "Xu, Yi"]
[Black "Bu, Xiangzhi"]
[Result "1/2-1/2"]
[WhiteElo "2500"]
[BlackElo "2677"]
[Annotator "TA"]
[PlyCount "85"]
[EventDate "2023.12.02"]
[EventCountry "CHN"]
[SourceTitle "playchess.com"]
[Source "ChessBase"]
[SourceQuality "1"]

{[%evp 13,85,9,11,9,14,14,16,25,21,20,12,16,13,14,34,24,28,19,51,48,62,52,75,70,66,70,87,93,86,45,45,45,45,45,76,85,52,22,220,150,153,150,554,568,585,581,540,550,548,528,895,869,849,862,806,804,727,415,406,381,374,366,1068,419,387,57,360,57,58,0,7,0,0,0]} 1. e4 e5 2. Nf3 Nc6 3. Bc4 Bc5 4. O-O Nf6 5. d3 d6 6. c3 O-O 7. h3 a6 {7...a5 is the modern continuation.} 8. a4 {C54: Giuoco Piano: 4 c3 Nf6, main lines with 5 d4 and 5 d3.} Ba7 9. Re1 h6 10. Nbd2 {[%cal Bb1d2,Bd2f1,Bf1g3][%mdl 32]} Re8 11. b4 Be6 12. Bxe6 Rxe6 13. Qc2 Re8 14. Nf1 Qd7 15. Ng3 b5 {[#]} 16. Bd2 $146 ({Predecessor:} 16. Nh4 d5 17. Nhf5 dxe4 18. dxe4 Rad8 19. Ra3 Kh7 20. Qe2 Qd3 21. Qa2 Rd7 22. axb5 axb5 {1-0 Sevian,S (2647)-Beradze,I (2475) Continental op 51st 2021 (3)}) 16... Bb6 17. Qc1 {[%cal Od2h6] Black must now prevent Bxh6!} Qe6 18. Nf5 {aiming for a5.} Ne7 19. N3h4 {[%cal Od2h6]} Nxf5 20. Nxf5 Nd7 21. c4 bxc4 22. dxc4 a5 23. Ra3 {[%cal Ba1a3,Ba3g3,Bg3g4,Bg4h4,Bh4h5][%mdl 32]} Kh7 24. Rg3 Rg8 25. Rg4 h5 $2 (25... Nf6 $11 26. c5 Nxg4 27. cxb6 Nf6) 26. Rh4 $18 g6 27. c5 $40 {[%mdl 128] White attacks with force.} dxc5 {[#]} (27... Ba7 $16 {is a better chance.}) 28. Bc3 $1 {[%csl Gf5][%cal Rc1h6]} gxf5 29. Rxh5+ Kg7 30. exf5 Qf6 31. bxc5 {[%cal Oe1e5] Rxe5! would be deadly.} Bxc5 {[#] ...Kf8 is the strong threat.} 32. Rxe5 $3 {[%cal Oe5e8][%mdl 512] White wants to mate with Re8!} Bxf2+ 33. Kxf2 {[%cal Oe5e8]} Qb6+ 34. Re3+ Kf8 35. f6 Re8 36. Qa3+ ({Less strong is} 36. Bxa5 Qxf6+ 37. Kg1 Rxg2+ 38. Kxg2 Qg6+ 39. Kh2 Qxh5 40. Bxc7 (40. Rxe8+ Kxe8 41. Bxc7 Qe2+ 42. Kg1 Ne5 $16) 40... Rxe3 41. Qxe3 Qd5 $16) 36... c5 37. Bd4 {[%cal Rh5c5] Intending Rxc5 and mate.} ({Weaker is} 37. Rxe8+ Kxe8 38. Qa1 Kd8 $18) 37... Rc8 (37... Qb4 38. Qxb4 axb4) 38. Rg3 (38. Re7 $142 Qb1 39. g4 Nxf6 40. Bxf6) 38... Qd6 39. Rxg8+ Kxg8 40. Rg5+ $2 ({Only move:} 40. Rh4 $18 {[%cal Oa3f3] White threatens Qf3! and mate.} Nxf6 41. Qc3 (41. Qc1 Kf8 $18)) 40... Kf8 $14 41. Rg4 {Prevents Qf4+.} ({White should try} 41. Be3 $1 $14) 41... Nxf6 42. Bxf6 Qxf6+ 43. Kg1 {An interesting game.   Weighted Error Value: White=0.41/Black=0.31} 1/2-1/2